000 00404nam a2200145Ia 4500
008 090122s9999 xx 000 0 und d
082 _b7411
_a891.463
100 _aकदम
_bबाबा
245 _aस्टार विटनेस
600 _aकदम
630 _aस्टार विटनेस
700 _aकदम
730 _aस्टार विटनेस
942 _cBOOK
999 _c31488
_d31488